00951nam a22002297a 4500999001300000001000600013003000900019005001700028008004100045040003800086082002700124100002100151245024000172260003500412300003200447500002000479650004400499650001800543700002300561942001200584952012500596 c785d78515333BD-DhUAP20200128100539.0200128s2007 ii ||||| |||| 001 0 eng d aBD-DhUAPbEngcBD-DhUAPdBD-DhUAP 223a341.4809171241 PAT aPatel, Bimal N.  aA comprehensive guide of laws of human rights in Commonwealth countries :blegal texts, summaries, status of participation in universal and regional treaties, Commonwealth resolutions and glossary /cBimal N. Patel and Abhishek Sharma. aNew Delhi : bWadhwa, cc2007. axxxii, 1183 pages ;c23 cm. aIncludes index. aHuman rightsz Commonwealth countries.  aHuman rights. aSharma, Abhishek.  2ddccBK 00102ddc4070aUAPCLbUAPCLcGeneral Stacksd2020-01-28o341.4809171241 PATp3010015333r2020-01-28t1w2020-01-28yBK